[Event "GER Cup Net Final-B U2000"]
[Site "Playchess.com INT"]
[Date "2020.06.06"]
[Round "1"]
[White "Ensslinger, Colin"]
[Black "Schenk, Jonatan"]
[Result "1-0"]
[WhiteElo "1818"]
[BlackElo "1587"]
[PlyCount "79"]
[EventDate "2020.06.06"]
[EventType "swiss (blitz)"]
[EventRounds "13"]
[EventCountry "GER"]
[SourceTitle "CBM 197 Extra"]
[Source "ChessBase"]
[SourceDate "2020.09.30"]
[SourceVersion "1"]
[SourceVersionDate "2020.09.30"]
[SourceQuality "1"]

1. b3 e5 2. Bb2 Nc6 3. e3 d5 4. Bb5 Nge7 5. Bxe5 a6 6. Bxc6+ Nxc6 7. Bb2 Qg5 8. Qf3 Bg4 9. Qf4 Qxf4 10. exf4 0-0-0 11. f3 Re8+ 12. Ne2 Bf5 13. d3 Bb4+ 14. Nd2 Bxd2+ 15. Kxd2 Nb4 16. a3 Nxc2 17. Rac1 Ne3 18. g4 Bd7 19. Bxg7 Rhg8 20. Be5 Ng2 21. Rxc7+ Kd8 22. Rxb7 Nh4 23. Rb8+ Ke7 24. Rxe8+ Rxe8 25. Nd4 Ng6 26. Re1 Nxe5 27. Rxe5+ Kf8 28. Rxe8+ Kxe8 29. Kc3 Ke7 30. Ne2 Kd6 31. Kd4 h6 32. Nc3 Bc6 33. b4 Bb7 34. a4 Bc6 35. b5 axb5 36. axb5 Bb7 37. h4 f6 38. g5 hxg5 39. fxg5 fxg5 40. hxg5 1-0

[Event "GER Cup Net Final-B U2000"]
[Site "Playchess.com INT"]
[Date "2020.06.06"]
[Round "6"]
[White "Voigt, Detlev"]
[Black "Schenk, Jonatan"]
[Result "1/2-1/2"]
[WhiteElo "1734"]
[BlackElo "1587"]
[PlyCount "83"]
[EventDate "2020.06.06"]
[EventType "swiss (blitz)"]
[EventRounds "13"]
[EventCountry "GER"]
[SourceTitle "CBM 197 Extra"]
[Source "ChessBase"]
[SourceDate "2020.09.30"]
[SourceVersion "1"]
[SourceVersionDate "2020.09.30"]
[SourceQuality "1"]

1. c4 f5 2. d4 e6 3. Nc3 Nf6 4. g3 Be7 5. Bg2 0-0 6. Nf3 d6 7. 0-0 Ne4 8. Nxe4 fxe4 9. Nd2 d5 10. e3 Nc6 11. a3 b6 12. Qh5 g6 13. Qe2 Bb7 14. f3 exf3 15. Nxf3 Na5 16. b4 Nxc4 17. Bb2 a5 18. Bc3 Ba6 19. Rf2 Nxa3 20. Qb2 Nc4 21. Qc1 axb4 22. Be1 b3 23. Rb1 Ba3 24. Qc3 b2 25. Nd2 Qe7 26. Bf1 b5 27. Nxc4 bxc4 28. Bh3 Rab8 29. Bxe6+ Qxe6 30. Qxa3 Rxf2 31. Bxf2 Qb6 32. Rxb2 Qxb2 33. Qxa6 Qb1+ 34. Kg2 Qb6 35. Qa3 c3 36. Qxc3 Qb2 37. Qc6 Rf8 38. Qe6+ Kh8 39. Qe5+ Kg8 40. Qe6+ Kh8 41. Qe5+ Kg8 42. Qe6+ 1/2-1/2

[Event "GER Cup Net V4 U2000"]
[Site "Playchess.com INT"]
[Date "2020.05.31"]
[Round "7"]
[White "Engel, Frank"]
[Black "Schenk, Jonatan"]
[Result "1-0"]
[WhiteElo "1678"]
[BlackElo "1605"]
[PlyCount "115"]
[EventDate "2020.05.31"]
[EventType "swiss (blitz)"]
[EventRounds "9"]
[EventCountry "GER"]
[SourceTitle "EXT 2021"]
[Source "ChessBase"]
[SourceDate "2020.10.23"]
[SourceVersion "1"]
[SourceVersionDate "2020.10.23"]
[SourceQuality "1"]

1. e4 c5 2. Nf3 e6 3. d4 cxd4 4. Nxd4 Nc6 5. Nc3 Qc7 6. Ndb5 Qb8 7. a3 a6 8. Nd4 b5 9. Be2 Bb7 10. Bf3 Nf6 11. 0-0 Be7 12. Re1 0-0 13. Bg5 Nxd4 14. Qxd4 Nd5 15. exd5 Bxg5 16. dxe6 dxe6 17. Bxb7 Qxb7 18. Rad1 Bf6 19. Qd7 Qb6 20. Rd6 Rfd8 21. Qxf7+ Kxf7 22. Rxb6 Bxc3 23. bxc3 Re8 24. Kf1 e5 25. Re3 g5 26. Ke2 Kg7 27. Rd3 Red8 28. Rxd8 Rxd8 29. Rxa6 Rc8 30. Kd3 Rd8+ 31. Ke4 Rc8 32. Kd3 Rd8+ 33. Ke2 Rc8 34. Kd2 Rd8+ 35. Kc1 Rc8 36. Kb2 Rd8 37. Re6 Rd2 38. Rxe5 Rxf2 39. Rxg5+ Kf6 40. Rxb5 Rxg2 41. Rh5 Kg6 42. Rh3 h5 43. Rg3+ Rxg3 44. hxg3 Kg5 45. a4 Kg4 46. a5 Kxg3 47. a6 h4 48. a7 h3 49. a8Q h2 50. Qh1 Kh3 51. c4 Kg3 52. c5 Kh3 53. c6 Kg3 54. c7 Kh3 55. c8Q+ Kg3 56. Qc7+ Kh3 57. Qhxh2+ Kg4 58. Qcf4# 1-0

[Event "GER Cup Net V3 U2000"]
[Site "Playchess.com INT"]
[Date "2020.05.27"]
[Round "6"]
[White "Schaefer, Konstantin"]
[Black "Schenk, Jonatan"]
[Result "0-1"]
[WhiteElo "1712"]
[BlackElo "1566"]
[PlyCount "66"]
[EventDate "2020.05.27"]
[EventType "swiss (blitz)"]
[EventRounds "9"]
[EventCountry "GER"]
[SourceTitle "EXT 2021"]
[Source "ChessBase"]
[SourceDate "2020.10.23"]
[SourceVersion "1"]
[SourceVersionDate "2020.10.23"]
[SourceQuality "1"]

1. e4 c5 2. Nf3 e6 3. d4 cxd4 4. Nxd4 Nc6 5. Nb5 d6 6. c4 Nf6 7. N1c3 a6 8. Na3 Qa5 9. f3 Be7 10. Bf4 e5 11. Bg5 Be6 12. Be2 0-0 13. 0-0 Qb6+ 14. Kh1 Qxb2 15. Qb3 Qxb3 16. axb3 Nd4 17. Rab1 h6 18. Be3 Nxe2 19. Nxe2 Bd7 20. Rfd1 d5 21. Nc2 d4 22. Bd2 d3 23. Bb4 dxc2 24. Bxe7 cxb1Q 25. Rxb1 Rfe8 26. Bd6 Rac8 27. c5 Bb5 28. Nc3 Bd3 29. Rb2 b6 30. b4 bxc5 31. bxc5 Nd7 32. Na4 Bb5 33. Nb6 Rc6 0-1

[Event "GER Cup Net V3 U2000"]
[Site "Playchess.com INT"]
[Date "2020.05.27"]
[Round "3"]
[White "Schenk, Jonatan"]
[Black "Braeutigam, Alexander"]
[Result "1-0"]
[WhiteElo "1532"]
[BlackElo "1666"]
[PlyCount "93"]
[EventDate "2020.05.27"]
[EventType "swiss (blitz)"]
[EventRounds "9"]
[EventCountry "GER"]
[SourceTitle "EXT 2021"]
[Source "ChessBase"]
[SourceDate "2020.10.23"]
[SourceVersion "1"]
[SourceVersionDate "2020.10.23"]
[SourceQuality "1"]

1. e4 c5 2. d4 cxd4 3. c3 d3 4. Bxd3 Nc6 5. Nf3 d6 6. 0-0 Nf6 7. Be3 g6 8. c4 Bg7 9. Nc3 0-0 10. Rb1 a5 11. a3 Bd7 12. b4 axb4 13. axb4 h6 14. Nd5 Nxd5 15. exd5 Ne5 16. Nxe5 dxe5 17. Qc1 Kh7 18. h4 f5 19. c5 e4 20. Be2 Qc7 21. b5 Ra5 22. c6 bxc6 23. dxc6 Be8 24. Bc5 Rf7 25. Bc4 Qb8 26. Bxf7 Bxf7 27. b6 Bd5 28. Bxe7 Qa8 29. c7 Qc8 30. b7 Bxb7 31. Rxb7 Qxb7 32. c8Q Qxe7 33. Q8c7 Qb4 34. Qb1 Qd2 35. Qe1 Qd4 36. Qcxa5 e3 37. Qxe3 Qxh4 38. Qg3 Qe4 39. Qb6 g5 40. Qbe3 Qa4 41. Qh3 Qb5 42. Qxg5 Qe5 43. Qgxf5+ Qxf5 44. Qxf5+ Kg8 45. Rb1 Bf8 46. Qg6+ Kh8 47. Rb8 1-0

[Event "GER Cup Net V3 U2000"]
[Site "Playchess.com INT"]
[Date "2020.05.27"]
[Round "9"]
[White "Schenk, Jonatan"]
[Black "Schmitt, Carsten1111"]
[Result "1/2-1/2"]
[WhiteElo "1639"]
[BlackElo "1800"]
[PlyCount "28"]
[EventDate "2020.05.27"]
[EventType "swiss (blitz)"]
[EventRounds "9"]
[EventCountry "GER"]
[SourceTitle "EXT 2021"]
[Source "ChessBase"]
[SourceDate "2020.10.23"]
[SourceVersion "1"]
[SourceVersionDate "2020.10.23"]
[SourceQuality "1"]

1. e4 e6 2. d4 d5 3. e5 c5 4. c3 Nc6 5. Nf3 Qb6 6. Bd3 cxd4 7. cxd4 Bd7 8. 0-0 Nxd4 9. Nxd4 Qxd4 10. Nc3 a6 11. Qe2 Ne7 12. Kh1 Nc6 13. f4 Nb4 14. Rd1 Bc5 1/2-1/2

[Event "GER Cup Net V3 U2000"]
[Site "Playchess.com INT"]
[Date "2020.05.27"]
[Round "8"]
[White "Wagner, Rainer"]
[Black "Schenk, Jonatan"]
[Result "0-1"]
[WhiteElo "1845"]
[BlackElo "1613"]
[PlyCount "60"]
[EventDate "2020.05.27"]
[EventType "swiss (blitz)"]
[EventRounds "9"]
[EventCountry "GER"]
[SourceTitle "EXT 2021"]
[Source "ChessBase"]
[SourceDate "2020.10.23"]
[SourceVersion "1"]
[SourceVersionDate "2020.10.23"]
[SourceQuality "1"]

1. d4 f5 2. Nf3 e6 3. g3 Nf6 4. c4 Be7 5. Bg2 0-0 6. 0-0 d6 7. b3 a5 8. Bb2 a4 9. bxa4 Bd7 10. Nc3 Ne4 11. Nxe4 fxe4 12. Nd2 d5 13. Bh3 Kh8 14. cxd5 exd5 15. Bxd7 Qxd7 16. Nb3 Qxa4 17. e3 Nd7 18. Qg4 Nf6 19. Qe6 Qd7 20. Qxd7 Nxd7 21. Rfc1 c6 22. a4 Nb6 23. Nc5 Bxc5 24. dxc5 Nxa4 25. Be5 b5 26. cxb6 Nxb6 27. Rxc6 Nc4 28. Rxa8 Rxa8 29. Bd4 h6 30. Rxh6+ Kg8 0-1

[Event "GER-ch Net Amateur Gr-B Vor3"]
[Site "Playchess.com INT"]
[Date "2020.04.16"]
[Round "5"]
[White "Apelt, Andreas"]
[Black "Schenk, Jonatan"]
[Result "0-1"]
[WhiteElo "1369"]
[BlackElo "1574"]
[PlyCount "50"]
[EventDate "2020.04.16"]
[EventType "swiss (blitz)"]
[EventRounds "9"]
[EventCountry "GER"]
[SourceTitle "CBM 195 Extra"]
[Source "ChessBase"]
[SourceDate "2020.05.31"]
[SourceVersion "1"]
[SourceVersionDate "2020.05.31"]
[SourceQuality "1"]

1. d4 f5 2. Bg5 h6 3. Bh4 g5 4. e4 Nf6 5. e5 e6 6. exf6 Qxf6 7. Qh5+ Qf7 8. Qxf7+ Kxf7 9. Nf3 gxh4 10. Ne5+ Kf6 11. Nd2 d6 12. Nef3 Nc6 13. Be2 h3 14. gxh3 Rg8 15. 0-0-0 Bd7 16. Rhg1 Rxg1 17. Rxg1 Bg7 18. Nh4 Nxd4 19. Rg6+ Kf7 20. Bh5 Kg8 21. Nhf3 Ne2+ 22. Kd1 Nf4 23. Ne5 Nxg6 24. Nxg6 Bxb2 25. Bf3 Be8 0-1

[Event "GER-ch Net Amateur Gr-B Vor3"]
[Site "Playchess.com INT"]
[Date "2020.04.16"]
[Round "8"]
[White "Wagner, Victoria"]
[Black "Schenk, Jonatan"]
[Result "1-0"]
[WhiteElo "1493"]
[BlackElo "1565"]
[PlyCount "81"]
[EventDate "2020.04.16"]
[EventType "swiss (blitz)"]
[EventRounds "9"]
[EventCountry "GER"]
[SourceTitle "CBM 195 Extra"]
[Source "ChessBase"]
[SourceDate "2020.05.31"]
[SourceVersion "1"]
[SourceVersionDate "2020.05.31"]
[SourceQuality "1"]

1. e4 c5 2. Nf3 e6 3. d4 cxd4 4. Nxd4 Nc6 5. c4 Nf6 6. Nc3 Bc5 7. Be3 Bb4 8. f3 0-0 9. Be2 d5 10. Nxc6 bxc6 11. e5 Nd7 12. f4 c5 13. cxd5 exd5 14. Qxd5 Nb6 15. Qxd8 Rxd8 16. 0-0 Bb7 17. Rad1 Nd5 18. Nxd5 Rxd5 19. Rxd5 Bxd5 20. a3 Ba5 21. Bxc5 Bd2 22. Rd1 Bxf4 23. Rxd5 Re8 24. Bd6 Be3+ 25. Kf1 Rc8 26. Bb4 Bc1 27. Ba6 Rb8 28. Bc3 h6 29. Rb5 Re8 30. Rb7 Be3 31. Bc4 Rf8 32. Bb4 Rc8 33. Bxf7+ Kh7 34. Bb3 Bc1 35. Bc3 Bf4 36. e6 Bd6 37. Rxg7+ Kh8 38. Rc7+ Kg8 39. Rxc8+ Kh7 40. e7 Bxe7 41. Bc2# 1-0

[Event "GER-ch Net Amateur Gr-B Vor3"]
[Site "Playchess.com INT"]
[Date "2020.04.16"]
[Round "9"]
[White "Watermann, Bernd"]
[Black "Schenk, Jonatan"]
[Result "0-1"]
[WhiteElo "1520"]
[BlackElo "1545"]
[PlyCount "74"]
[EventDate "2020.04.16"]
[EventType "swiss (blitz)"]
[EventRounds "9"]
[EventCountry "GER"]
[SourceTitle "CBM 195 Extra"]
[Source "ChessBase"]
[SourceDate "2020.05.31"]
[SourceVersion "1"]
[SourceVersionDate "2020.05.31"]
[SourceQuality "1"]

1. d4 f5 2. f4 Nf6 3. e3 e6 4. Nf3 Nc6 5. Bd3 Nb4 6. c3 Nxd3+ 7. Qxd3 Be7 8. 0-0 h6 9. Bd2 d6 10. Be1 b6 11. Nbd2 a5 12. Bh4 Ba6 13. c4 Bb7 14. Bxf6 Bxf6 15. Rae1 d5 16. b3 0-0 17. Ne5 dxc4 18. bxc4 Qe8 19. Ndf3 c5 20. g4 Be4 21. Qd2 Bxf3 22. Rxf3 Bxe5 23. fxe5 fxg4 24. Rxf8+ Qxf8 25. Rf1 Qe7 26. Qe2 h5 27. Rf4 g5 28. Rf1 Rd8 29. Qb2 cxd4 30. exd4 Qc7 31. Qc3 Qd7 32. Rf6 Rf8 33. Rg6+ Kh7 34. Rxg5 Qf7 35. Qe1 Kh6 36. h4 Qf4 37. Qe2 Qxd4+ 0-1

[Event "GER-ch Net Amateur Gr-B Vor2"]
[Site "Playchess.com INT"]
[Date "2020.04.15"]
[Round "1"]
[White "Multhauf, Stefan"]
[Black "Schenk, Jonatan"]
[Result "1/2-1/2"]
[WhiteElo "1519"]
[BlackElo "1682"]
[PlyCount "136"]
[EventDate "2020.04.15"]
[EventType "swiss (blitz)"]
[EventRounds "9"]
[EventCountry "GER"]
[SourceTitle "CBM 196 Extra"]
[Source "ChessBase"]
[SourceDate "2020.07.31"]
[SourceVersion "1"]
[SourceVersionDate "2020.07.31"]
[SourceQuality "1"]

1. Nf3 f5 2. g3 Nf6 3. b3 e6 4. Bb2 Be7 5. c4 0-0 6. Bg2 d6 7. d4 a5 8. 0-0 a4 9. Nbd2 a3 10. Bc3 Ne4 11. Nxe4 fxe4 12. Nd2 d5 13. e3 Nc6 14. c5 b6 15. b4 bxc5 16. bxc5 Ba6 17. Re1 Bd3 18. Bf1 Bxf1 19. Rxf1 Qe8 20. f4 exf3 21. Rxf3 Bf6 22. Qe2 e5 23. Nb3 exd4 24. Nxd4 Bxd4 25. Bxd4 Nxd4 26. Rxf8+ Kxf8 27. Qf2+ Kg8 28. exd4 Qe7 29. Re1 Qf7 30. Qxf7+ Kxf7 31. Re5 c6 32. Re3 Ra4 33. Rd3 h5 34. Kf2 Kf6 35. Kf3 Kf5 36. h3 g5 37. g4+ hxg4+ 38. hxg4+ Kf6 39. Ke3 Ke6 40. Rb3 Kd7 41. Rb7+ Kc8 42. Rg7 Rc4 43. Rxg5 Rc2 44. Rg6 Kd7 45. Rg7+ Kd8 46. Kf4 Rxa2 47. Ra7 Ra1 48. Kf5 a2 49. Kg6 Rg1 50. Rxa2 Rxg4+ 51. Kf5 Rxd4 52. Ke6 Kc7 53. Ra7+ Kb8 54. Rh7 Rc4 55. Kd6 d4 56. Kxc6 d3 57. Rd7 d2 58. Rxd2 Ka7 59. Ra2+ Kb8 60. Kd5 Rc3 61. Ra4 Kc7 62. Ra7+ Kb8 63. Ra5 Kc7 64. Kd4 Rc1 65. Ra6 Rd1+ 66. Kc3 Rc1+ 67. Kb4 Rb1+ 68. Kc4 Rc1+ 1/2-1/2

[Event "GER-ch Net Amateur Gr-B Vor2"]
[Site "Playchess.com INT"]
[Date "2020.04.15"]
[Round "3"]
[White "Schenk, Jonatan"]
[Black "Metzdorf, Matteo"]
[Result "0-1"]
[WhiteElo "1683"]
[BlackElo "1798"]
[PlyCount "106"]
[EventDate "2020.04.15"]
[EventType "swiss (blitz)"]
[EventRounds "9"]
[EventCountry "GER"]
[SourceTitle "CBM 196 Extra"]
[Source "ChessBase"]
[SourceDate "2020.07.31"]
[SourceVersion "1"]
[SourceVersionDate "2020.07.31"]
[SourceQuality "1"]

1. e4 c5 2. d4 cxd4 3. c3 dxc3 4. Nxc3 Nc6 5. Bc4 d6 6. Nf3 Nf6 7. e5 Ng4 8. e6 Bxe6 9. Bxe6 fxe6 10. Ng5 Nce5 11. f4 Qb6 12. Nce4 Ne3 13. Qe2 N5c4 14. b3 Qb4+ 15. Bd2 Nxd2 16. Nxd2 Nc2+ 17. Kd1 Nxa1 18. Nxe6 Rc8 19. Qh5+ g6 20. Qd5 Qb6 21. Ke2 Nc2 22. Rc1 Qc6 23. Qxc6+ Rxc6 24. Kd1 Ne3+ 25. Ke2 Rxc1 26. Kxe3 Rc6 27. Nd4 Rc3+ 28. Ke2 Bg7 29. Ne6 Bf6 30. Ne4 Rc2+ 31. Kd3 Rxg2 32. h3 Rxa2 33. Nc7+ Kd7 34. Nd5 Rf8 35. Kc4 e6 36. Ndxf6+ Ke7 37. Nxh7 Rxf4 38. Kd3 Rh2 39. Nhg5 d5 40. Ng3 Rh4 41. Ne2 R2xh3+ 42. Nxh3 Rxh3+ 43. Kd4 g5 44. Ng1 Rg3 45. Ne2 Rg4+ 46. Kd3 Kd6 47. Nc3 Rg3+ 48. Kc2 Rxc3+ 49. Kxc3 g4 50. Kd4 e5+ 51. Ke3 d4+ 52. Ke4 g3 53. Kf3 d3 0-1